| 000 | 00443nam a22001697a 4500 | ||
|---|---|---|---|
| 003 | OSt | ||
| 005 | 20260126075116.0 | ||
| 008 | 260126b |||||||| |||| 00| 0 eng d | ||
| 020 | _a978-0-545-11754-8 | ||
| 040 |
_aDWCL-Main Lib _cOC |
||
| 082 | _aFic. K84 2008 | ||
| 100 | _aKorman, Gordon | ||
| 245 | _aThe 39 clues 2 ; one false note | ||
| 260 |
_aNew York : _b Scholastic Inc., _cc2008 |
||
| 300 |
_a174 p. : _c20 cm. |
||
| 942 |
_2ddc _cFIC. _n0 |
||
| 999 |
_c7823 _d7823 |
||